Lina lanuda, la vagabunda / (Record no. 16208)

MARC details
000 -LEADER
fixed length control field 02168cam a2200493 i 4500
001 - CONTROL NUMBER
control field 898924987
003 - CONTROL NUMBER IDENTIFIER
control field OCoLC
005 - DATE AND TIME OF LATEST TRANSACTION
control field 20160916141301.0
008 - FIXED-LENGTH DATA ELEMENTS--GENERAL INFORMATION
fixed length control field 150205s2015 scua b b 000 1 spa
010 ## - LIBRARY OF CONGRESS CONTROL NUMBER
LC control number 2014049250
020 ## - INTERNATIONAL STANDARD BOOK NUMBER
International Standard Book Number 9781628555769 (Spanish pbk.)
020 ## - INTERNATIONAL STANDARD BOOK NUMBER
International Standard Book Number 1628555769 (Spanish pbk.)
037 ## - SOURCE OF ACQUISITION
Stock number BRO-copy20151111-054
040 ## - CATALOGING SOURCE
Original cataloging agency DLC
Language of cataloging eng
Description conventions rda
Transcribing agency DLC
Modifying agency BTCTA
-- BDX
-- OCLCF
-- SFR
-- UtOrBLW
041 1# - LANGUAGE CODE
Language code of text/sound track or separate title spa
Language code of original eng
042 ## - AUTHENTICATION CODE
Authentication code pcc
-- lcac
050 10 - LIBRARY OF CONGRESS CALL NUMBER
Classification number PZ76.3
Item number .G32 2015
092 ## - LOCALLY ASSIGNED DEWEY CALL NUMBER (OCLC)
Classification number SPANISH jPS
Item number GABR
100 1# - MAIN ENTRY--PERSONAL NAME
Personal name Gabriel, Andrea,
Relator term author,
-- illustrator.
240 10 - UNIFORM TITLE
Uniform title <a href="Wandering Woolly.">Wandering Woolly.</a>
Language of a work Spanish.
245 10 - TITLE STATEMENT
Title Lina lanuda, la vagabunda /
Statement of responsibility, etc. por Andrea Gabriel.
260 ## - PUBLICATION, DISTRIBUTION, ETC. (IMPRINT)
Place of publication, distribution, etc. Mount Pleasant, SC :
Name of publisher, distributor, etc. Arbordale Publishing,
Date of publication, distribution, etc. [2015]
264 #1 - PRODUCTION, PUBLICATION, DISTRIBUTION, MANUFACTURE, AND COPYRIGHT NOTICE
Place of production, publication, distribution, manufacture Mount Pleasant, SC :
Name of producer, publisher, distributor, manufacturer Arbordale Publishing,
Date of production, publication, distribution, manufacture, or copyright notice [2015]
300 ## - PHYSICAL DESCRIPTION
Extent 1 volume (unpaged) :
Other physical details color illustrations ;
Dimensions 26 cm.
336 ## - CONTENT TYPE
Content type term text
Content type code txt
Source rdacontent.
336 ## - CONTENT TYPE
Content type term still image
Content type code sti
Source rdacontent.
337 ## - MEDIA TYPE
Media type term unmediated
Media type code n
Source rdamedia.
338 ## - CARRIER TYPE
Carrier type term volume
Carrier type code nc
Source rdacarrier.
500 ## - GENERAL NOTE
General note Translation from the English of: Wandering Woolly.
504 ## - BIBLIOGRAPHY, ETC. NOTE
Bibliography, etc Includes bibliographical references.
520 ## - SUMMARY, ETC.
Summary, etc. A young woolly mammoth chases a toad to the river and tumbles in when the glacial ice breaks, then must make a difficult journey, sneaking past cave lions, bears, and humans, trying to return to her herd. Includes an activity and facts about the Clovis people and Ice Age animals.
650 #0 - SUBJECT ADDED ENTRY--TOPICAL TERM
Topical term or geographic name as entry element Woolly mammoth
Form subdivision Juvenile fiction.
650 #0 - SUBJECT ADDED ENTRY--TOPICAL TERM
Topical term or geographic name as entry element Animal behavior
Form subdivision Juvenile fiction.
650 #0 - SUBJECT ADDED ENTRY--TOPICAL TERM
Topical term or geographic name as entry element Glacial epoch
Form subdivision Juvenile fiction.
650 #1 - SUBJECT ADDED ENTRY--TOPICAL TERM
Topical term or geographic name as entry element Woolly mammoth
Form subdivision Fiction.
650 #1 - SUBJECT ADDED ENTRY--TOPICAL TERM
Topical term or geographic name as entry element Animals
General subdivision Habits and behavior
Form subdivision Fiction.
650 #1 - SUBJECT ADDED ENTRY--TOPICAL TERM
Topical term or geographic name as entry element Glacial epoch
Form subdivision Fiction.
650 #1 - SUBJECT ADDED ENTRY--TOPICAL TERM
Topical term or geographic name as entry element Spanish language materials.
650 #4 - SUBJECT ADDED ENTRY--TOPICAL TERM
Topical term or geographic name as entry element Mamuts lanudos
Form subdivision Ficci©đn juvenil.
650 #4 - SUBJECT ADDED ENTRY--TOPICAL TERM
Topical term or geographic name as entry element Animales
General subdivision Habitaciones
Form subdivision Ficci©đn juvenil.
650 #4 - SUBJECT ADDED ENTRY--TOPICAL TERM
Topical term or geographic name as entry element Per©Ưodos glaciales
Form subdivision Ficci©đn juvenil.
776 08 - ADDITIONAL PHYSICAL FORM ENTRY
Relationship information Online version:
Main entry heading Gabriel, Andrea, author, illustrator.
Title Lina lanuda, la vagabunda
Place, publisher, and date of publication Mount Pleasant, SC : Arbordale Publishing, 2015
International Standard Book Number 9781628555943
Record control number (DLC) 2015005155.
942 ## - ADDED ENTRY ELEMENTS (KOHA)
Koha item type Libro/Book
Holdings
Withdrawn status Lost status Damaged status Not for loan Home library Current library Date acquired Inventory number Total Checkouts Barcode Checked out Date last seen Date checked out Price effective from Koha item type
        Sevadilla -- Satellite Sevadilla 16/09/2016 Inventory date: 7/7/25 5 35400752 22/04/2026 18/03/2026 18/03/2026 16/09/2016 Libro/Book

Powered by Koha